000 01395nam a22002297a 4500
999 _c62133
_d62133
003 Ge_BSU
005 20240718165705.0
008 240718b xxu||||| |||| 00| 0 geo d
020 _a9789941059445
041 _ageo
080 _a72(479.22)(092) ბ-87
100 _aბოსტანაშვილი, შოთა.
_922879
245 _aბუცა = Butza : ხუროთმოძღვარი ვიქტორ ჯორბენაძე
_bესე, პოეტიკა, სემიოტიკა, კრიტიკული დისკურსი /
_c შოთა ბოსტანაშვილი, დავით ბოსტანაშვილი ; [ინგლ. ტექსტი: დავით ბოსტანაშვილი, რედ. დავით ანდრიაძე].
264 _aთბილისი:
_bუნივერსალი,
_c2012.
300 _a218 გვ.:
_b ილ. ;
_c25 სმ.
546 _aთავფურ., ტექსტი, ყდა ქართ. და ინგლ
653 _aჯორბენაძე, ვიქტორ.
653 _aქართველი არქიტექტორები
700 _aბოსტანაშვილი, დავით
_922880
700 _a ანდრიაძე, დავით
_eრედაქტორი
_922881
942 _2udc
_cBK